000 00350nam a2200109Ia 4500
008 171204s9999 xx 000 0 und d
245 4 _aThe SEO Battlefield: Winning Strategies for Search Marketing Programs:
245 _cAnne Ahola Ward
260 _c2017
650 _xMARKETING MANAGEMENT
856 _uhttp://down.ebook777.com/047/9781491958377.pdf
999 _c347061
_d347061